000 01128nam0a22002771 4500
001 v19\rc\1727308
005 20260405223556.0
035 _a(NLR Aleph) 005231053
090 _a5605785
_c5605785
100 _a20061002d1901 |||y0rusy50 ca
101 0 _arus
102 _aRU
105 _ay z |||a|
200 1 _aСон в рождественскую ночь
_eПьеса в 3 ч. (в 6 карт. с апофеозом)
_e(Сюжет заимствован у Г.М. Андерсена и Р. Фосса)
_f[Соч.] В.И. Владимирова (Лангаммер)
210 _aКиев
_cтип. И.И. Горбунова
_d1901
215 _a[4], 80 с.
_d17
700 1 _8rus
_7ca
_aЛангаммер
_bВ. И.
_f1848-1910
_gВладимир Иванович
_3RU\NLR\AUTH\77101758
_984684
702 1 _aАндерсен
_bГ.М.
_4100
702 1 _aФосс
_bР.
_f1851-1918
_gРихард
_4100
801 0 _aRU
_bNLR
_c20061002
_gpsbo
801 0 _aRU
_bRuMoRGB
_c20061002
_2psbo
801 1 _aRU
_bProSoft-M
_c20061002
_2rusmarc
801 2 _aRU
_bNLR
_c20111004
_2rusmarc
852 _aNLR
_j18.331.3.1
942 _cBOOK
980 _aNB